Click Provinces Of Canada On A Map - Whammies - Statistics

General Stats
  • This quiz has been taken 102 times
  • The average score is 11 of 13
Answers on the Map
Answers color-coded by a green-red scale on the quiz's map according to % correct below.
 
Answer Stats
Answer % Correct
Prince Edward Island
95%
British Columbia
93%
Nunavut
91%
Quebec
91%
Alberta
90%
New Foundland and Labrador
90%
Ontario
90%
Yukon
90%
Northwest Territories
88%
Manitoba
83%
Saskatchewan
81%
Nova Scotia
78%
New Brunswick
74%
No matching quizzes found
Score Distribution
Percent of People with Each Score
Percentile by Number Answered
Your Score History
You have not taken this quiz